00302nam a22001097a 4500020001500000040000900015082001500024100002000039245004600059260004100105650004600146 a0471351695 cNUST a519.3bMIL aRonald E Miller aOptimization Foundations and Applications aNew York:bJohn Wiley & Sons,c2000. 2Optimization Foundations and Applications